Ajuste psicosocial, bienestar subjetivo y ocio en adultos mayores jubilados mexicanos (Record no. 181648)
[ view plain ]
| 000 -CABECERA | |
|---|---|
| campo de control de longitud fija | 01765nab a2200301 a 4500 |
| 005 - FECHA Y HORA DE LA ÚLTIMA TRANSACCIÓN | |
| campo de control | 20210219162719.0 |
| 008 - ELEMENTOS DE LONGITUD FIJA--INFORMACIÓN GENERAL | |
| campo de control de longitud fija | 991125s1985 mx 000 0 spa u |
| 035 ## - NÚMERO DE CONTROL DEL SISTEMA | |
| Número de control de sistema | UPN01000209547 |
| 049 ## - COLECCIÓN | |
| Colección | ART |
| 100 1# - ASIENTO PRINCIPAL--NOMBRE PERSONAL | |
| Nombre de persona | Acosta Quiroz, Christian Oswaldo |
| 100 1# - ASIENTO PRINCIPAL--NOMBRE PERSONAL | |
| Filiación | christian.acosta@itson.edu.mx |
| 100 1# - ASIENTO PRINCIPAL--NOMBRE PERSONAL | |
| Nombre de persona | Vales García, Javier José |
| 100 1# - ASIENTO PRINCIPAL--NOMBRE PERSONAL | |
| Filiación | javier.vales@itson.edu.mx |
| 100 1# - ASIENTO PRINCIPAL--NOMBRE PERSONAL | |
| Nombre de persona | Palacio Cinco, Ramón René |
| 100 1# - ASIENTO PRINCIPAL--NOMBRE PERSONAL | |
| Filiación | ramon.palacio@itson.edu.mx |
| 222 #0 - TÍTULO CLAVE | |
| Título clave | ENSEÑANZA E INVESTIGACION EN PSICOLOGIA |
| 245 00 - MENCIÓN DE TÍTULO | |
| Título | Ajuste psicosocial, bienestar subjetivo y ocio en adultos mayores jubilados mexicanos |
| 260 ## - PUBLICACIÓN, DISTRIBUCIÓN, ETC. | |
| Lugar de publicación, distribución, etc. | Jalapa, México |
| 300 ## - DESCRIPCIÓN FÍSICA | |
| Extensión | 316-325 |
| 362 0# - FECHAS DE PUBLICACIÓN Y/O DESIGNACIÓN SECUENCIAL | |
| Fecha de publicación y/o designación secuencial | 2015 Volumen 20, número 3, septiembre-diciembre |
| 520 3# - NOTA DE RESUMEN, ETC. | |
| Sumario, etc. | El objetivo de este estudio fue establecer la relación entre ajuste psicosocial en la jubilación, bienestar subjetivo, actividades de ocio y variables sociodemográficas en adultos mayores jubilados mexicanos. Participaron 181 adultos mayores con una edad media de 69.12 años y un tiempo medio de jubilación de 11.21 años. Los resultados indican que el ajuste psicosocial en la jubilación y el bienestar subjetivo se relacionan significativamente entre sí y con las variables sociodemográficas de sexo, nivel de estudios, estatus de salud y estado civil. A su vez, se relacionan con la frecuencia de actividades de ocio (con diferencias entre hombres y mujeres). Estas variables deben tenerse en cuenta para fomentar un mayor ajuste psicosocial y bienestar subjetivo en adultos mayores jubilados |
| 653 0# - TERMINO DE INDIZACION - NO CONTROLADO | |
| Término no controlado | BIENESTAR SUBJETIVO |
| 653 0# - TERMINO DE INDIZACION - NO CONTROLADO | |
| Término no controlado | OCIO |
| 653 0# - TERMINO DE INDIZACION - NO CONTROLADO | |
| Término no controlado | ADULTOS MAYORES |
| 653 0# - TERMINO DE INDIZACION - NO CONTROLADO | |
| Término no controlado | JUBILACION |
| 856 4# - LOCALIZACIÓN Y ACCESO ELECTRÓNICOS | |
| Identificador Uniforme del Recurso | <a href="http://www.redalyc.org/articulo.oa?id=29242800009">http://www.redalyc.org/articulo.oa?id=29242800009</a> |
| 905 ## - TIPO DE MATERIAL | |
| Tipo de material | Articulo |
No items available.
